Discourse and context in language teaching: a guide for language teachers

Saved in:
Bibliografiske detaljer
Main Authors: Celce-Murcia, Marianne (Author), Olshtain, Elite (Author)
Format: Bog
Sprog:engelsk
Udgivet: Cambridge Cambridge University Press 2000
Udgivelse:1a. ed
Fag:
Tags: Tilføj Tag
Ingen Tags, Vær først til at tagge denne postø!

MARC

LEADER 00000cam a2200000 a 4500
001 UCC3613
003 CL-VaPUC
008 180531e20000000uk |||||||||||||||||eng|d
020 |a 9780521648370 
082 0 4 |a 428.240711  |b CEL  |2 21 
100 0 |a Celce-Murcia, Marianne  |e author  |9 597671 
700 0 |a Olshtain, Elite  |e author  |9 597672 
245 1 0 |a Discourse and context in language teaching: a guide for language teachers 
250 |a 1a. ed 
300 |a 279 p 
942 |c BK 
945 |d 20180531 16:15:00  |a dcastane 
260 |a Cambridge  |b Cambridge University Press  |c 2000 
650 0 |a Enseñanza del lenguaje  |9 373325 
650 0 |a Estudio y enseñanza  |9 270395 
650 0 |a Análisis del discurso  |9 256696 
583 |a last modification  |c 20180531 16:15:00  |k Rodrigo Vera 
999 |c 371306  |d 371304 
952 |0 0  |1 0  |3 erb  |4 0  |6 428_240711000000000_CEL_2000  |7 0  |8 A  |9 488272  |a BIBEDU  |b BIBEDU  |i 5470250  |o 428.240711 CEL 2000  |p 5470250  |r 2019-11-24  |w 2019-11-24  |y BK  |z Catalogado en:20180531  |k LIT